[Event "Turnier 40 / 120"]
[Site "Wien"]
[Date "2023.??.??"]
[Round "29"]
[White "Tasc R40 V2.50 Phoenix"]
[Black "ChessGenius Exclusive 300 MHz"]
[Result "0-1"]
[WhiteElo "2401"]
[BlackElo "2405"]
[Annotator "Christian"]
[PlyCount "146"]
[EventDate "2023.??.??"]

{[%evp 0,26,19,-12,-9,-12,-13,-13,-19,-17,-17,-13,-9,-37,-41,-61,-44,-86,-108,-110,-10,-78,-63,-93,-86,-114,-83,-116,-109]} 1. c4 Nf6 {Runde 29: Englisch, Vierspringer / Ein schwaches Mittelspiel vom Tasc R40 V 2.5 der früh einen Bauern verliert und sich dann noch einen schwachen Isolani anhängen lässt, obwohl der MCGE auch nicht immer die optimale Fortsetzung spielt und sich im Endspiel noch einen 3-fach-Bauern anhängen lässt bringt er das unter dem Strich sicher nach Hause. Stand: 17,0 : 12,0 für MCGE 300 MHZ (58,62 %)} 2. Nc3 e5 3. Nf3 Nc6 4. d4 exd4 5. Nxd4 {***ENDE BUCH***} Bc5 6. Nxc6 {Buchbewertung Tasc R40 V 2.5: -0,03} bxc6 {***ENDE BUCH***} 7. e4 O-O {Buchbewertung MCGE: +0,28 / lt. Komodo ist die Stellung steht Schwarz um eine Nuance besser mit ca. +0,20} 8. e5 $2 {das ist voreilig und nicht zu empfehlen, Komodo -0,80, besser ist Le2, lt. Komodo ist der Bauer damit bereits verloren, er rechnet mit Tfe8, Le2, Txe5} Re8 9. Bf4 {nicht ideal besser ist es den Bauern gleich aufzugeben mittels Le2, Komodo -1,00} d6 {auch nicht ideal besser ist Ld6, Komodo +0,60} 10. Be2 Ng4 11. O-O {vorzuziehen ist Lxg4, Komodo -1,00} Nxe5 12. Qd2 Ng6 13. Bg5 $2 {ein schlechter Zug, deutlich besser ist Lg3, Komodo -1,20} f6 14. Be3 $2 {ein schlechter Zug, danach bekommt Weiss natürlich einen schwachen Isolani, nach dem Textzug ist die Partie praktisch schon verloren, Komodo -1,70, besser ist Lf4} Bxe3 15. fxe3 Qe7 16. e4 Qe5 17. Kh1 Rb8 18. a3 a5 19. Rad1 Rb7 20. Rf3 $2 {ein ganz schlechter Zug, danach ist die Partie bereits klar verloren, Komodo -2,70, deutlich mehr Widerstand leistet noch Tb1} ({Leptir Analyzer-avx2:} 20. Rb1 Qc5 21. Rbc1 Qg5 22. Qxg5 fxg5 23. Rc2 Re5 24. Rb1 c5 25. b3 Re7 26. Rcb2 Be6 27. Kg1 Ne5 28. Nd5 Bxd5 29. cxd5 Re8 30. b4 {[%eval -175,24]}) 20... Bg4 21. Rg3 Bh5 22. Bxh5 Qxh5 23. Rf1 Qc5 24. Qe2 Rbb8 25. Na4 Qd4 26. Nc3 Re7 27. Rd1 Qa7 28. Rf1 Qc5 29. Na4 Qd4 30. Nc3 Ree8 31. Rd1 Qc5 32. Na4 Qe5 33. Re3 Nf4 34. Qd2 Ne6 35. Ree1 Nc5 {besser ist Sg5, Schwarz bleibt aber klar im Vorteil, Komodo +2,10} 36. Nxc5 Qxc5 37. Rc1 Rb3 38. Rc3 Rb7 39. Re2 Rb6 40. Qc2 Reb8 41. Qc1 Rb3 42. Rxb3 Rxb3 43. Qc2 a4 44. g3 Qh5 45. Kg1 Qe5 $2 {ein ganz schlechter Zug, der den Vorteil von Schwarz halbiert, Komodo +1,60, nötig war c5 mit ca. +3,00} 46. c5 $1 {na klar} Qd4+ 47. Kf1 Qxc5 {besser ist Tf3+} 48. Qxc5 dxc5 49. Rc2 Kf8 50. Kg1 $2 {ein schlechter Zug, deutlich besser ist Txc5, Komodo -2,20} Rb5 51. Kf2 Ke7 52. Ke3 Rb3+ $2 {das bringt gar nichts, besser ist Ke6, Komodo +1,50} 53. Kf4 Kd6 54. h4 h5 55. Rd2+ Ke6 56. Rc2 Rb5 57. g4 hxg4 58. Kxg4 Ke5 59. Kh5 g5 $1 60. hxg5 fxg5 61. Kxg5 Kxe4 62. Kg4 Kd3 63. Rc3+ Kd2 64. Rc4 Rxb2 {da ist nichts mehr zu retten für Weiss, Komodo -9,00} 65. Rxa4 Kd3 66. Rf4 c4 67. Rf3+ Kc2 68. Kf4 c3 69. Ke3 Ra2 70. Kd4 Rxa3 71. Rf7 Kd2 72. Rf2+ Kc1 73. Kc5 c2 {Rest geschenkt} 0-1

[Event "Turnier 40 / 120"]
[Site "Wien"]
[Date "2023.??.??"]
[Round "30"]
[White "ChessGenius Exclusive 300 MHz"]
[Black "Tasc R40 V2.50 Phoenix"]
[Result "1/2-1/2"]
[WhiteElo "2405"]
[BlackElo "2401"]
[Annotator "Christian"]
[PlyCount "153"]
[EventDate "2023.??.??"]

{[%evp 0,39,19,38,42,37,76,65,68,58,58,41,101,77,51,43,47,13,99,46,57,57,48,38,31,32,34,-27,5,-7,11,16,-24,19,26,32,64,45,82,82,93,26]} 1. e4 d5 {Runde 30: Skandinavisch / Eine sehr interessante Partie in der sich MCGE für ein Figurenopfer gegen 3 Bauern entschliesst, zu diesem Zeitpunkt nicht ganz korrekt, jedoch führt es zu Komplikationen, Tasc R40 macht dann einen spielentscheidenden Fehler, den MCGE aber nicht nützen kann. In weiterer Folge kommt es zum Ausgleich und dann wieder zu wechselnden Vor- und Nachteilen mit Gewinnchancen für beide Geräte, die jedoch letztlich vergeben werden, für den Verlustzug im Endspiel von MCGE 61. Te1+ ?? tat ich mir schwer ein Fragezeichen zu vergeben, da selbst Komodo 13.02. unglaubliche 10 Minuten und 28 Sekunden ! dafür benötigt, um zu erkennnen, dass 61. Tg2 von Nöten ist, so lange hatte auch er Te1+ als besten Zug gesehen, anders Stockfish 15, der nach Te1+ bereits nach 30 Sekunden mit -3,50 bewertet. Doch auch diese Gewinnchance kann Tasc R40 V 2.5 letztlich nicht nützen, mit 62. g4 ?? macht er einen verfrühten Vorstoss, der ihm den Sieg kostet. Letzlich halten sich die Ungenauigkeiten beider Geräte also die Waage, letztlich aus meiner Sicht ein gerechtes Remis. Stand: 17,5 : 12,5 für MCGE 300 MHZ (58,33 %)} 2. exd5 Qxd5 3. Nc3 Qa5 4. d4 Nf6 5. Nf3 c6 6. Bd2 Bf5 7. Bc4 e6 8. Qe2 Bb4 {***ENDE BUCH***} 9. O-O-O {***ENDE BUCH***} b5 {Buchbewertung Tasc R40 V2.5: -0,80} 10. Bb3 {Buchbewertung MCGE: +0,37 lt. Komodo steht Weiss knapp besser mit ca. +0,30} Nbd7 11. Nh4 Bg6 12. Nxg6 hxg6 13. Bxe6 $5 {interessant vielleicht aber NICHT korrekt, dieses Opfer bringt Schwarz in Vorteil, Komodo -0,60, da gab es jede Menge bessere Züge z.B. h4, g4, Kb1, d5 ....., eine schlechte Wahl !} fxe6 14. Qxe6+ Kd8 $2 {eindeutig das falsche Feld, der König gehört nach f8, nach dem Textzug ist die Stellung im Lot, Komodo 0,00} 15. Qxc6 Rb8 16. a3 Bxc3 17. Bxc3 Qc7 18. d5 Rh5 {weniger gut, danach ist Weiss etwas im Vorteil, Komodo -0,60, besser ist a5 mit Ausgleich} 19. Kb1 {nicht optimal, danach ist die Stellung wieder im Lot, besser ist entweder De6 oder g4} Rg5 $2 {ein Verlustzug, danach ist die Partie bereits verloren, Komodo -2,50 mit der Fortsetzung De6, nötig war Sxd5 mit Ausgleich} ({Charisma 080223-avx2:} 19... Kc8 20. Qa6+ Rb7 21. Qe6 Rb6 22. d6 Qc4 23. Qe7 Rh8 24. Rd3 Rc6 25. Rhd1 Qg4 26. g3 g5 27. f3 Qf5 28. Re1 Re8 29. Qxg7 Rxe1+ 30. Bxe1 g4 31. fxg4 Qxg4 32. Qe7 Kb7 33. Bc3 Ne4 34. Bb4 Nef6 35. h4 Rc8 36. Qe1 Re8 37. Qc3 Rc8 38. Qd2 Ne4 39. Qg2 Kb6 40. Bd2 Nxd2+ 41. Qxd2 Rf8 42. Ka2 Rc8 43. Qe3+ Rc5 {[%eval 63,37]}) 20. Bd2 $2 {MCGE verpasst die Chance, nach dem Textzug steht Weiss noch etwas besser, Komodo +0,80} ({Leptir Analyzer-avx2:} 20. Qe6 Kc8 21. h4 Rf5 22. g4 Nxg4 23. Qa6+ Kd8 24. Qxg6 Qf4 25. Ba5+ Rb6 26. Qxg7 Rf7 27. Rd4 Rxg7 28. Rxf4 Ngf6 29. Bxb6+ axb6 30. Rb4 Kc7 31. Rxb5 Rh7 32. d6+ Kc6 33. Rf5 Rh6 34. h5 Kxd6 35. Rg5 Ke7 36. b3 Nf8 37. a4 Ne6 38. Rb5 Nd7 39. b4 Kd6 40. Rh4 Ke7 41. Rf5 Nc7 42. Re4+ Kd6 43. Rg5 Nf6 44. Rd4+ Ke6 45. Rh4 Ncd5 46. Kb2 Kd6 47. Rg6 {[%eval 395,39]}) ({Charisma 080223-avx2:} 20. Qe6 Qc5 21. Bd4 Qf8 22. Bxa7 Rb7 23. Qa6 Rxa7 24. Qxa7 Qc5 25. Qa8+ Kc7 26. d6+ Kb6 27. Rhe1 Qc6 28. Qd8+ Kb7 29. Rd3 Rd5 30. Qc7+ Qxc7 31. dxc7 Rxd3 32. cxd3 Kxc7 33. Re6 g5 34. f3 Kd8 35. Ka2 Kc8 36. d4 Kc7 37. Kb3 Nf8 38. Re5 g4 39. fxg4 Nxg4 40. Rxb5 Ne6 41. Kc4 g6 42. d5 Ne3+ 43. Kc3 Nf4 44. g3 Nfxd5+ 45. Kd4 Kd6 46. a4 {[%eval 408,44]}) 20... Rf5 {nicht optimal, besser ist Txg2, Komodo -1,10} 21. Rhe1 $2 {das ist einfach zahnlos und ganz schwach, verschenkt jeglichen Vorteil, danach ist die Stellung wieder im Lot, deutlichen Vorteil versprach g4} Rc8 $2 {ein schwacher Zug, der Weiss wieder die Möglichkeit gibt in Vorteil zu gelangen, Komodo -1,00 mit der Fortsetzung De6, den Einschlag Dxc2+ verkraftet Weiss.} 22. Qxc7+ $2 {ein grottenschlechter Zug, der die Vorzeichen umkehrt, danach ist Schwarz bereits im Vorteil, Komodo -0,70 (büsst ca. 1,50 Bauerneinheiten ein).} Kxc7 23. d6+ $2 {ein schlechter Zug, danach ist Schwarz bereits klar im Vorteil, Komodo -1,20, deutlich besser ist noch Te7} Kxd6 $2 {nicht optimal, halbiert den Vorteil von Schwarz, Komodo +0,60, deutlich besser ist Kc6} 24. Bf4+ Kc5 25. Be3+ Kc6 26. Bxa7 Rh8 27. h3 Rg5 28. Rg1 $2 {ein schlechter Zug, danach ist Schwarz klar im Vorteil, Komodo -1,00 mit der Fortsetzung Te8, nötig war Te6+ mit annäherndem Ausgleich} Re8 29. Be3 Rge5 30. Rd3 Nc5 31. Rd2 Nce4 32. Rd3 Nd5 33. Rd4 $2 {ein Verlustzug !!!, MCGE verwirft im allerletzten Moment den klar besseren Zug Ld4, nach dem Textzug ist die Partie einfach verloren, Komodo -1,30} Nxe3 34. fxe3 Nd6 35. a4 Nf5 36. Rb4 Nxe3 37. Rxb5 Rxb5 38. axb5+ Kxb5 39. Re1 g5 40. Kc1 Kb4 41. Re2 g4 42. Re1 gxh3 $2 {ein ganz schlechter Zug, der den Gewinn in weite Ferne rückt, nötig war g3} 43. gxh3 g5 {lt. Stockfish 15 ist es bereits Remis, Komodo sieht noch geringen Vorteil für Schwarz} 44. Kb1 $4 {völlig daneben, danach ist Schwarz wieder klar im Vorteil, Komodo -1,20, nötig war Te2 und lt. Stockfish 15 wäre es damit bereits Remis} Re4 $2 {lt. Komodo bleibt Schwarz im Vorteil mit ca. +0,80, lt. Stockfish 15 verschenkt dieser Zug gleich wieder den Vorteil und es ist wieder Remis, Stockfish 15: 0,00} 45. Kc1 Re5 46. Kb1 $2 {neuerlich der selbe Verlustzug, nötig war Te2, lt. Stockfish 15, ist damit bereits alles aus, -3,00, Komodo sieht es nicht ganz so dramatisch aber auch schon mit -1,50} Kc5 47. Rg1 Kc6 $2 {der Rückzug des Königs ist natürlich völliger Unsinn und verschenkt wieder einen Grossteil des Vorteiles, natürlich nötig ist Kd4, Komodo +0,80} 48. b3 Nd5 49. Kb2 Nf4 50. Rg3 Kc5 51. Ka3 Kd4 52. Kb4 Kd5 53. Ka4 Rf5 54. Kb4 $2 {ganz schwach, nach c4+ wäre Weiss schon dem Ausgleich nahe gekommen, nach dem Textzug ist Schwarz wieder klar im Vorteil, Komodo -1,10} Ke4 55. c4 Nd3+ $2 {nicht optimal, deutlich besser ist Se6, Komodo +0,50} 56. Kc3 Nf2 57. b4 $1 Kf4 58. Rg1 Ke5 59. Kb3 $4 {völlig unverständlich einfach ein Tempoverlust, b5 hätte bereits das Remis bereits gesichert, nach dem Textzug ist Schwarz wieder im Vorteil, Komodo -1,00} Rf3+ 60. Ka4 Nxh3 61. Re1+ $2 {bei diesem Zug tue ich mir schwer ein Fragezeichen zu vergeben, denn unglaublicherweise braucht selbst Komodo 13.02, 10 Minuten 28 Sekunden um draufzukommen, dass Tg2 deutlich besser ist solange hatte er Te1+ als besten Zug, ich muss leider trotzdem ein Fragezeichen vergeben, da es ein absoluter Verlustzug ist, danach ist die Partie klar verloren, Stockfish 15 bewertet das nach wenigen Sekunden schon mit -3,50, aber MCGE kann man schwer einen Vorwurf machen, denn wie gesagt, selbst Komodo braucht ewig dafür, nach Tg2 hätte Weiss lt. Stockfish 15 wohl noch Remis halten können.} Kd4 62. c5 g4 $2 {das ist voreilig und verschenkt den Sieg, danach ist die Partie Remis, gewonnen hätte Tc3} 63. Rd1+ Ke5 64. b5 Rf4+ 65. Ka5 Rc4 66. b6 Rxc5+ 67. Ka6 Rc6 68. Ka7 Rc3 69. b7 Ra3+ 70. Kb8 g3 71. Rb1 Kf6 72. Kc8 Re3 73. Kd8 Kf7 74. Rf1+ Nf2 75. b8=Q Re8+ 76. Kc7 Rxb8 77. Kxb8 1/2-1/2

[Event "Turnier 40 / 120"]
[Site "Wien"]
[Date "2023.??.??"]
[Round "31"]
[White "Tasc R40 V2.50 Phoenix"]
[Black "ChessGenius Exclusive 300 MHz"]
[Result "1/2-1/2"]
[WhiteElo "2401"]
[BlackElo "2405"]
[Annotator "Christian"]
[PlyCount "155"]
[EventDate "2023.??.??"]

{[%evp 0,25,19,-12,-14,-12,0,6,25,7,20,-15,60,35,45,37,35,28,36,43,33,43,20,23,28,26,26,17]} 1. c4 Nf6 {Runde 31: Damenindisch, Nimzowitsch / Bis zum Endspiel eine ausgeglichene Partie, dort scheint sich dann MCGE klar durchzusetzen und kommt in eine Gewinnstellung, die Komodo bereits mit +10,00 !! bewertet, doch am Ende geht ihm dann die Luft aus und verschenkt mit dem HORRORZUG 72. Txb6 ????, den Sieg (um ganze 10 Bauerneinheiten !!) schlechter als der Gewinnzug h4 (auch Tasc R40 hätte diesen Megabock gespielt), das Endspiel mit den 2 zerissenen Mehrbauern ist dann nicht mehr zu gewinnen, verschenkter halber Punkt von MCGE. Stand: 18,0 : 13,0 für MCGE 300 MHZ (58,06 %)} 2. Nf3 e6 3. d4 b6 4. g3 Ba6 5. b3 {***ENDE BUCH***} b5 6. cxb5 {Buchbewertung Tasc R40 V 2.5: +0,39} Bxb5 7. Bg2 d5 {***ENDE BUCH***} 8. a3 Ne4 {Buchbewertung MCGE: +0,03 / lt. Komodo steht Weiss besser mit ca. +0,60} 9. Qc2 c5 10. Nc3 Nxc3 11. Qxc3 Nd7 12. dxc5 Nxc5 13. Nd4 Bd7 14. Bf4 Rc8 15. O-O Ne4 16. Qd3 Rc3 17. Qa6 Qc8 18. Qa5 Qc5 19. Qb4 a5 20. Qb8+ Qc8 21. Qxc8+ Rxc8 22. Rac1 Bxa3 23. Rxc8+ Bxc8 24. Bxe4 dxe4 25. Nc6 Bb7 26. Nxa5 Bd5 27. Ra1 Bb4 28. Ra4 Bxa5 29. Rxa5 O-O 30. b4 Rc8 31. b5 Rc4 32. b6 Rb4 33. Be3 h6 34. Rc5 Kh7 35. Rc8 Rb2 36. Bd4 Rxe2 37. Kf1 Rd2 38. Be5 $2 {weniger gut, danach ist Schwarz etwas im Vorteil, Komodo -0,70 mit der Fortsetzung e3, nötig war Le3 mit Ausgleich} f6 $2 {das bringt allerdings keinerlei Vorteil für Schwarz, die Stellung ist wieder im Lot} 39. Bc3 Rd1+ 40. Ke2 Rb1 41. Bd4 e5 42. Bc5 Rb2+ 43. Kd1 g5 44. Rd8 Bc4 45. h4 gxh4 46. gxh4 h5 47. Rc8 Kg6 48. Kc1 Rb5 49. Be3 Bb3 50. Rh8 Be6 51. Kd2 Bf7 52. Rc8 Rb2+ 53. Kc1 Rb3 54. Rf8 $2 {ein schwacher Zug, danach ist Schwarz im Vorteil, Komodo +1,20 mit der Fortsetzung f5} ({Leptir Analyzer-avx2:} 54. Rc6 Bd5 55. Rd6 Bb7 56. Rd7 Bc8 57. Rd6 Kf5 58. Kc2 Rb5 59. Kc1 Bb7 60. Rd7 Bc6 61. Rd6 {[%eval 0,48]}) 54... f5 55. Rc8 $2 {ein ganz schwacher Zug, danach ist die Partie praktisch verloren, Komodo -2,20, deutlich mehr Widerstand leistet Lc5} f4 56. Bc5 Bd5 57. Kc2 Rb5 58. Kd2 e3+ $2 {weit schwächer als Kf5, halbiert den Vorteil von Schwarz, Komodo +1,50, nach Kf5 wäre Schwarz bereits entscheidend mit +3,00 im Vorteil gewesen.} 59. fxe3 f3 60. e4 Bxe4 61. Ke1 Kf5 62. Rf8+ Kg4 63. Bf2 Bd5 64. Rc8 {die Stellung ist klar verloren für Weiss, Komodo -4,50} Rb1+ 65. Kd2 Kh3 $1 66. Rc5 Kg2 67. Rxd5 Kxf2 68. Rxe5 Kg3 69. Rg5+ Kxh4 70. Rf5 Kg3 {Komodo +10,00} 71. Rg5+ Kf4 72. Rg7 Rxb6 $2 {ein absoluter HORRORZUG, der den Sieg verschenkt, um ganze 10 Bauerneinheiten !!! schlechter als h4, danach ist die Partie Remis, unglaublich !!! KUT: Einfacher gewinnt 71...f2 und das sollte Schwarz doch wirklich sehen.} (72... f2 73. b7 (73. Rf7+ Kg3 74. Ke2 Re1+ 75. Kd2 f1=Q) 73... Kf3 74. b8=Q Rxb8 75. Rf7+ Kg2) 73. Ke1 Rb2 74. Rf7+ Kg3 {die beiden Geräte haben keine Ahnung von dieser Stellung und glauben an einen Sieg von Schwarz, MCGE: +2,67 / Tasc R40: -2,35, tatsächlich ist es Remis, Komodo 0,00} 75. Rg7+ Kh4 76. Kf1 Kh3 77. Rf7 Kg3 78. Rg7+ {nichts mehr zu machen, Userentscheid: Remis} 1/2-1/2

[Event "Turnier 40 / 120"]
[Site "Wien"]
[Date "2023.??.??"]
[Round "32"]
[White "ChessGenius Exclusive 300 MHz"]
[Black "Tasc R40 V2.50 Phoenix"]
[Result "1-0"]
[WhiteElo "2405"]
[BlackElo "2401"]
[Annotator "Christian"]
[PlyCount "131"]
[EventDate "2023.??.??"]

{[%evp 0,36,19,38,60,57,55,37,72,43,66,73,42,28,41,44,44,8,36,39,44,7,36,26,28,26,46,47,37,33,20,17,33,56,61,66,70,54,59]} 1. e4 c6 {Runde 32: Caro Cann, 2 Springervariante / MCGE kann im Mittelspiel 2 Mehrbauern erobern und es kommt zu einem Endspiel mit allen 4 Türmen und unterschiedlichen Läufern, aufgrund einer Ungenauigkeit von Tasc R40 V 2.5 kommt MCGE schliesslich zu 3 geschlossenen Freibauern am Königsflügel, das verwertet er dann konsequent zum Gewinn. Stand: 19,0 : 13,0 für MCGE 300 MHZ (59,38 %)} 2. Nf3 d5 3. Nc3 Bg4 {Buchende} 4. d4 e6 {Buchbewertung Tasc R40 V 2.5: -0,62} 5. Be2 {Buchende} Bb4 6. e5 {Buchbewertung MCGE: +0,25 / lt. Komodo ist die Stellung etwa gleich} Ne7 7. O-O Nd7 8. Bg5 f6 9. exf6 gxf6 10. Bd2 Qb6 11. Bf4 Ng6 12. Bg3 Bxf3 13. Bxf3 e5 14. dxe5 fxe5 15. Na4 Qa5 $2 {besser ist Da6, nach dem Textzug ist Weiss etwas im Vorteil, Komodo +1,00 mit der Fortsetzung c4} ({Leptir Analyzer-avx2:} 15... Qa6 16. c4 Qxc4 17. Rc1 Qa6 18. Bg4 Nf6 19. Bf5 Bd6 20. b4 O-O 21. Bd3 b5 22. Nc5 Bxc5 23. Rxc5 e4 24. Be2 Qb7 25. Qc1 Rac8 26. h4 Qd7 27. a4 a6 28. h5 Ne7 29. Qg5+ Kf7 30. axb5 axb5 {[%eval 60,27]}) 16. c4 $1 b5 $4 {ein Verlustzug, danach ist die Partie praktisch schon verloren, Komodo -1,90 mit der Fortsetzung cxb5, nötig war dxc4} 17. cxb5 Qxb5 18. Be2 {besser ist Tc1, Komodo +1,50} Qb7 19. Rc1 O-O 20. Qb3 Rab8 21. a3 Bd2 22. Qxb7 Rxb7 23. Rxc6 Rf6 24. Rc8+ Kg7 25. Nc5 $2 {nicht optimal, besser ist Tc2, Komodo +1,00} Nxc5 26. Rxc5 Nf4 $2 {ein schlechter Zug, der Weiss wieder deutlich in Vorteil bringt, Komodo -1,60, deutlich besser ist Txb2} 27. Bxf4 Rxf4 28. Rxd5 Rxb2 29. Rxe5 Bc3 30. Re8 Bd4 31. g3 Rf7 32. Re4 Rd2 33. Kg2 a5 34. a4 Kf8 35. Bf3 Rc7 36. Rf4+ Kg7 37. Be4 Re7 38. Rg4+ Kh8 39. Bd5 Re8 40. Bf3 Rb8 41. Rh4 $2 {deutlich besser ist Tf4, hier könnte Schwarz etwas Gegenspiel mittels T8b2 erlangen, allerdings steht natürlich Weiss trotzdem klar besser, Komodo +1,50} Rb4 $2 {klar schwächer als T8b2, Komodo -2,00} 42. Be4 Rxa4 $4 {ein Verlustzug, danach ist alles vorbei, Komodo -3,50 mit der Fortsetzung Tc1, immer noch war T4b2 angesagt} 43. Rxh7+ {noch stärker war Tc1, aber das ist natürlich klar verloren für Schwarz, gegen 3 geschlossene Freibauern ist kein Kraut mehr gewachsen auch nicht bei unterschiedlichen Läufern} Kg8 44. Rd7 Kf8 45. Bg6 Rc4 46. Kh3 {besser ist Tf7+, aber auch diese Fortsetzung reicht locker zum Gewinn, Komodo +3,00} Rc8 47. Rb1 Bc3 48. Rf7+ Kg8 49. Rbb7 Ra8 $2 {ein grottenschlechter Zug, der den Untergang extrem beschleunigt, Komodo -9,00, deutlich mehr Widerstand leistet noch Tb2 mit ca. -3,50} 50. f4 $2 {bei Weitem nicht das Beste, deutlich stärker ist entweder Lh7+ oder Tf5, aber natürlich gewinnt auch das, Komodo +4,00} Rd6 51. Bh7+ Kh8 52. Be4 Rh6+ 53. Kg2 Rd8 54. h4 Bd4 55. Rf5 Bc3 56. Ra7 Rhd6 57. Rff7 Rd1 58. Rfc7 Bb4 {mehr Widerstand leistet noch Lf6, aber es spielt hier keine Rolle mehr, Komodo -10,00} 59. Bc2 R1d2+ 60. Kh3 a4 61. Bxa4 R2d3 62. Rh7+ Kg8 63. Rag7+ Kf8 64. Rb7 Kg8 65. Bc2 Bf8 66. Bxd3 1-0

[Event "Turnier 40 / 120"]
[Site "Wien"]
[Date "2023.??.??"]
[Round "33"]
[White "Tasc R40 V2.50 Phoenix"]
[Black "ChessGenius Exclusive 300 MHz"]
[Result "0-1"]
[WhiteElo "2401"]
[BlackElo "2405"]
[Annotator "Christian"]
[PlyCount "94"]
[EventDate "2023.??.??"]

{[%evp 0,25,25,17,3,28,49,39,37,37,62,22,65,43,50,49,59,59,38,38,35,35,41,43,36,44,45,66]} 1. d4 Nf6 {Runde 33: Grünfeld, Russisches System / Nach einem ausgeglichenen Mittelspiel geht es wieder einmal in ein Turmendspiel und aus Sicht des Tasc R40 schwant einem da natürlich Böses, die bekannte Archillesferse tritt auch hier wieder zum Vorschein, in dem Duell gegen Tasc R30 V 2.5 hat dieser jedes einzelne Turmendspiel ausnahmslos verloren gegen den MCGE und so geht es auch dem R40 offensichtlich. MCGE kann einen Bauern gewinnen und spielt das ganz trocken runter. Das nähert sich dann schon einer Vorentscheidung im Match würde ich sagen. Stand: 20,0 : 13,0 für MCGE 300 MHZ (60,61 %)} 2. Nf3 g6 3. c4 Bg7 4. Nc3 d5 5. Qb3 c6 6. cxd5 cxd5 7. Bg5 e6 8. e3 O-O 9. Bd3 Nc6 {***ENDE BUCH***} 10. h3 b6 {Buchbewertung MCGE: -0,28} 11. O-O {***ENDE BUCH***} Bb7 12. Rac1 {Buchbewertung Tasc R40 V 2.5: +0,63 / lt. Komodo steht Weiss besser mit ca. +0,60} Qe7 13. Ne5 Rfc8 14. Bb5 Na5 15. Qa4 a6 16. Bd3 Nc4 17. Bxc4 dxc4 18. Ng4 h5 19. Nxf6+ Bxf6 20. Bxf6 Qxf6 21. Qb4 b5 22. f4 {nicht ideal, besser ist Tfd1 mit Ausgleich, Komodo -0,60} Qd8 23. a4 Bc6 24. axb5 axb5 25. Rcd1 Qf8 26. Qxf8+ Kxf8 27. d5 exd5 28. Nxd5 $2 {ein schlechter Zug, danach ist Schwarz bereits klar im Vorteil, Komodo -1,50 mit der Fortsetzung Td8, nötig war f5 mit ca. -0,70} ({Leptir Analyzer-avx2:} 28. f5 Kg7 29. fxg6 fxg6 30. Nxd5 Rd8 31. Nc7 Rxd1 32. Rxd1 Rc8 33. Na6 Kf7 34. Rd6 Be8 35. Rb6 Ke7 36. e4 Rc6 37. Rb7+ Kd6 38. e5+ Kxe5 39. Rxb5+ Ke4 40. Nb4 Rd6 41. Rb7 Kf4 42. Re7 Bd7 43. Nc2 Rd2 44. Ne3 Bc6 45. g3+ Kf3 46. Nxc4 Rg2+ 47. Kf1 Kxg3 48. Re3+ Kf4 {[%eval -50,29]}) 28... Bxd5 $2 {so allerdings nicht, gibt postwendend praktisch den gesamten Vorteil wieder ab, die Stellung ist wieder im Lot} 29. Rxd5 b4 30. Rb5 {besser ist f5, Komodo -0,70} Rcb8 31. Rxb8+ Rxb8 32. f5 $2 {ein schwacher Zug, danach ist Schwarz wieder klar im Vorteil, Komodo -1,50, deutlich besser ist Kf2} gxf5 33. Rc1 Rc8 34. Kf2 h4 {klar schwächer als Ke7, Komodo +1,30} 35. Ke2 Ke7 36. Kd2 $2 {ein ganz schlechter Zug, danach ist die Partie praktisch schon verloren, Komodo -2,20, deutlich besser ist Td1} Ke6 37. Rf1 Rg8 38. Rf2 Rg3 39. Re2 {die Stellung ist klar verloren für Weiss, Komodo -5,00} Kd5 40. Rf2 Ke5 41. Ke2 b3 $1 {MCGE macht alles richtig, Komodo +6,00} 42. Kd2 f6 43. Kc3 f4 44. Kxc4 fxe3 45. Re2 Ke4 {Komodo +10,00} 46. Kc3 Rg7 47. Re1 Rxg2 {Rest geschenkt} 0-1